| 000 | 00754cam a2200253u 4500 | ||
|---|---|---|---|
| 001 | 14843 | ||
| 003 | BD-RjUL | ||
| 005 | 20211208235712.0 | ||
| 008 | 140208r19511945enkab 000 0 eng d | ||
| 035 | _a(BD-RjUL)14897 | ||
| 040 |
_aDLC _cCarP _dDLC _dBD-RjUL _beng |
||
| 041 | _aeng | ||
| 082 | 0 | 0 |
_a944 _bMAF 1951 |
| 100 | 1 |
_aMaillaud, Pierre. [from old catalog] _946204 |
|
| 245 | 0 | 0 |
_aFrance / _cMaillaud, Pierre. |
| 260 |
_aLondon ; _aNew York : _bOxford university press, _c1945 [Reprinted 1951] |
||
| 300 |
_a138p. : _bl., 3-138 p. illus. (incl. maps) ; _c18cm |
||
| 504 | _aIncludes Index | ||
| 650 | 0 |
_aWorld War, 1939-1945 _zFrance. _946205 |
|
| 651 | 0 |
_aFrance. _946206 |
|
| 942 |
_2ddc _cBK |
||
| 999 |
_c14843 _d14843 |
||